000
00210nam a22000857a 4500
008
161210b xxu||||| |||| 00| 0 eng d
100
_9
1992
_a
CBSE
245
_a
Accountancy-XII-S.P.
260
_a
New Delhi
_b
B.B.P.
_c
2012
999
_c
4817
_d
4817